Animal societies

Bibliographic Details
Main Author: Cherfas, Jeremy
Format: Book
Published: London : Cassell , 1991
Series:How animals behave
Subjects:

MARC

LEADER 00000cam a2200000 7i4500
001 0000005452
002 000005893
005 20000330.0
020 |a 0304319740 
090 0 0 |a J 591.51   |b HOW 
100 1 |a Cherfas, Jeremy 
245 1 0 |a Animal societies   |c Jeremy Cherfas 
260 |a London :   |b Cassell ,   |c 1991 
300 |a 32p. :   |b ill. ;   |c 29cm. 
490 0 |a How animals behave 
650 0 0 |a Animals, social behaviour 
999 |a 024033   |b BUKU   |c JUNIOR REFERENCE   |e PERPUSTAKAAN KOMUNITI CAW KOTA DAMANSARA